000 01083nam0a2200349 4500
001 RU\NLR\bibl\336049
005 20250621150002.0
010 _a5-7406-0408-7
010 _a5-7406-0604-7
_91000
021 _aRU
_b2002-41592
_92020
035 _a(NLR Aleph) 000330975
090 _a156808
_c156808
100 _a20021110d2002 |||y0rusy50 ca
101 0 _arus
102 _aRU
105 _ay |||||||||
200 1 _aЛичная жизнь
_eСтихи
_fИрина Моргулева
210 _aКалининград
_cЯнтар. сказ
_d2002
215 _a126 с.
_d20
675 _a821.161.1-1Моргулева
_v3
_zrus
686 _a17.82
_2rugasnti
686 _a84(2Рос-Рус)6-5
_2rubbk
686 _aШ6(2=Р)75-5
700 1 _4070
_7ca
_8rus
_aМоргулёва
_bИ. М.
_f1959-
_gИрина Михайловна
_9206155
_3RU\NLR\AUTH\770206207
801 0 _aRU
_bRKP
_c20021110
_gPSBO
801 1 _aRU
_bRKP
_c20021110
801 2 _aRU
_bNLR
_c20021203
_grcr
942 _cBOOK
980 _aNB